[Event "Aarhusmesterskabet"]
[Site "Aarhus"]
[Date "2020.02.14"]
[Round "1.2"]
[White "Ochsner, Bjorn Moller"]
[Black "Stanislaus, Johann"]
[Result "1-0"]
[WhiteElo "2472"]
[BlackElo "1833"]
[PlyCount "87"]
[EventDate "2020.02.??"]
[EventType "swiss"]
[EventRounds "7"]
[EventCountry "DEN"]

1. e4 c5 2. Nf3 g6 3. c4 Nc6 4. d4 cxd4 5. Nxd4 Bg7 6. Be3 d6 7. Nc3 a6 8. Be2
Nf6 9. O-O O-O 10. Qd2 Bd7 11. f3 Kh8 12. Rab1 Ng8 13. Nxc6 Bxc6 14. b4 b6 15.
Nd5 Bxd5 16. cxd5 b5 17. Rfc1 Qd7 18. Rc6 f5 19. Rbc1 f4 20. Bf2 g5 21. Qc2 h5
22. a4 g4 23. Rc7 Qe8 24. fxg4 hxg4 25. Bxg4 Qg6 26. Bf3 Rf7 27. Rc8 Rxc8 28.
Qxc8 Kh7 29. Qxa6 Nf6 30. Qxb5 Nxe4 31. Qd3 Nxf2 32. Qxg6+ Kxg6 33. Kxf2 Bd4+
34. Ke2 Kf5 35. Rc8 e5 36. dxe6 Kxe6 37. Kd3 Be3 38. Kc4 Kd7 39. Bg4+ Ke7 40.
Rc7+ Kf6 41. Rxf7+ Kxf7 42. a5 Ke7 43. b5 Kd8 44. b6 1-0

[Event "Aarhusmesterskabet"]
[Site "Aarhus"]
[Date "2020.02.14"]
[Round "1.3"]
[White "Knudsen, Philip Uhre"]
[Black "Fries Nielsen, Jens Ove"]
[Result "0-1"]
[WhiteElo "1779"]
[BlackElo "2373"]
[PlyCount "46"]
[EventDate "2020.02.??"]
[EventType "swiss"]
[EventRounds "7"]
[EventCountry "DEN"]

1. e4 g6 2. d4 Bg7 3. Be3 d6 4. c3 Nf6 5. Bd3 Nc6 6. Nf3 O-O 7. O-O e5 8. dxe5
Nxe5 9. Nxe5 dxe5 10. Bc2 Qe7 11. Na3 Ng4 12. Qe2 f5 13. f3 Nxe3 14. Qxe3 f4
15. Qe2 g5 16. Rad1 h5 17. Nc4 g4 18. Nd2 a5 19. Bb3+ Kh8 20. Bc4 Rf6 21. Kh1
Rg6 22. Rg1 Qh4 23. Qe1 g3 0-1

[Event "Aarhusmesterskabet"]
[Site "Aarhus"]
[Date "2020.02.14"]
[Round "1.4"]
[White "Dumas, Charles"]
[Black "Jaques, Hannibal Valeur"]
[Result "1-0"]
[WhiteElo "2289"]
[BlackElo "1794"]
[PlyCount "25"]
[EventDate "2020.02.??"]
[EventType "swiss"]
[EventRounds "7"]
[EventCountry "DEN"]

1. e4 e5 2. Nc3 Nc6 3. Bc4 Bc5 4. Qg4 Qf6 5. Nd5 Qxf2+ 6. Kd1 Nf6 7. Qxg7 Nxd5
8. exd5 Na5 9. Qxh8+ Ke7 10. Qxe5+ Kd8 11. Nh3 Qxg2 12. Qh8+ Ke7 13. Re1+ 1-0

[Event "Aarhusmesterskabet"]
[Site "Aarhus"]
[Date "2020.02.14"]
[Round "1.5"]
[White "Nielsen, Jonas"]
[Black "Nielsen, Viktor Haarmark"]
[Result "0-1"]
[WhiteElo "1734"]
[BlackElo "2300"]
[PlyCount "52"]
[EventDate "2020.02.??"]
[EventType "swiss"]
[EventRounds "7"]
[EventCountry "DEN"]

1. e4 c5 2. Nf3 e6 3. d4 cxd4 4. Nxd4 Nc6 5. Nc3 Qc7 6. Be2 a6 7. O-O Nf6 8.
Be3 Bb4 9. f3 O-O 10. Nxc6 bxc6 11. Qd2 d5 12. a3 Bd6 13. g3 Bb7 14. b4 c5 15.
exd5 cxb4 16. Ne4 Nxe4 17. fxe4 exd5 18. exd5 Rfe8 19. Bf4 Qc5+ 20. Rf2 Bxf4
21. Qxf4 Rxe2 22. Qxf7+ Kh8 23. Raf1 Rxf2 24. Rxf2 bxa3 25. Qxb7 Rf8 26. Qb6
Qxf2+ 0-1

[Event "Aarhusmesterskabet"]
[Site "Aarhus"]
[Date "2020.02.14"]
[Round "1.6"]
[White "Hansen, Lars"]
[Black "Nguyen, Phong Van"]
[Result "1-0"]
[WhiteElo "2237"]
[BlackElo "1743"]
[PlyCount "89"]
[EventDate "2020.02.??"]
[EventType "swiss"]
[EventRounds "7"]
[EventCountry "DEN"]

1. g3 Nf6 2. Bg2 d5 3. d3 c6 4. Nf3 Bf5 5. b3 Nbd7 6. Bb2 e6 7. Nbd2 Bd6 8. e3
O-O 9. Qe2 e5 10. e4 dxe4 11. dxe4 Bg4 12. O-O Qc7 13. h3 Be6 14. Ng5 Rfe8 15.
Nxe6 Rxe6 16. Rad1 Bf8 17. Nc4 b5 18. Ne3 Nc5 19. Ng4 Nxg4 20. hxg4 a5 21. a3
Ree8 22. Rd2 Rad8 23. Rfd1 f6 24. Qe3 Ne6 25. Qf3 Nd4 26. Bxd4 exd4 27. Rxd4
Rxd4 28. Rxd4 Bxa3 29. Qf5 Qe5 30. Rd7 Qxf5 31. exf5 Rc8 32. Ra7 Bb4 33. Ra6 c5
34. Bd5+ Kf8 35. Ra7 Rd8 36. c4 Rxd5 37. cxd5 c4 38. bxc4 bxc4 39. Kf1 c3 40.
Ke2 Ke8 41. Kd3 Kd8 42. Rxg7 a4 43. Rxh7 a3 44. Ra7 Kc8 45. f4 1-0

[Event "Aarhusmesterskabet"]
[Site "Aarhus"]
[Date "2020.02.14"]
[Round "1.7"]
[White "Nielsen, Ture Jungberg"]
[Black "Hoiberg, Nina"]
[Result "0-1"]
[WhiteElo "1760"]
[BlackElo "2168"]
[PlyCount "88"]
[EventDate "2020.02.??"]
[EventType "swiss"]
[EventRounds "7"]
[EventCountry "DEN"]

1. c4 e5 2. Nc3 Nf6 3. g3 c6 4. Bg2 d6 5. e3 Be7 6. Nge2 O-O 7. O-O Nbd7 8. d4
Qc7 9. b4 a5 10. b5 c5 11. Bb2 cxd4 12. exd4 Qxc4 13. Rc1 Qe6 14. Nf4 Qg4 15.
Nfd5 Bd8 16. Qxg4 Nxg4 17. dxe5 Ndxe5 18. Rfd1 Nf6 19. Nxf6+ Bxf6 20. Nd5 Nf3+
21. Bxf3 Bxb2 22. Rc7 Re8 23. Nb6 Rb8 24. Rd2 Bh3 25. Be2 Ba3 26. f4 Bc5+ 27.
Kh1 Bxb6 28. Rd7 Bxd7 29. Rxd6 Rxe2 30. Rxb6 Rxa2 31. Rd6 Bxb5 32. g4 Rc8 33.
Rd1 Be2 34. Re1 Bxg4 35. Kg1 h5 36. f5 Rcc2 37. h3 Bxf5 38. h4 Rg2+ 39. Kh1
Rh2+ 40. Kg1 Rag2+ 41. Kf1 Bd3+ 42. Re2 Bxe2+ 43. Ke1 Ba6 44. Kd1 Rh1# 0-1

[Event "Aarhusmesterskabet"]
[Site "Aarhus"]
[Date "2020.02.14"]
[Round "1.8"]
[White "Andersen, Thomas Klitgaard"]
[Black "Ladegaard, Jakob"]
[Result "0-1"]
[WhiteElo "2187"]
[BlackElo "1697"]
[PlyCount "100"]
[EventDate "2020.02.??"]
[EventType "swiss"]
[EventRounds "7"]
[EventCountry "DEN"]

1. d4 Nf6 2. Bg5 g6 3. Bxf6 exf6 4. e3 Bg7 5. c4 d6 6. g3 Nd7 7. Bg2 f5 8. Ne2
Nf6 9. Nbc3 O-O 10. O-O Re8 11. Qc2 c6 12. b4 Bd7 13. a4 a5 14. b5 Rb8 15. Rab1
Qc7 16. Rfc1 h5 17. h4 Ng4 18. Qd2 Nf6 19. bxc6 bxc6 20. d5 Ne4 21. Bxe4 fxe4
22. dxc6 Bxc6 23. Nb5 Qd7 24. Qxa5 Be5 25. Qe1 Qg4 26. a5 g5 27. hxg5 h4 28.
Nbd4 Bd7 29. a6 hxg3 30. fxg3 Kg7 31. Qf2 Rxb1 32. Rxb1 Rh8 33. Rf1 Qh5 34. Qg2
Qxg5 35. Nf4 Bg4 36. a7 Ra8 37. Ra1 Qe7 38. Nc6 Qb7 39. Nxe5 dxe5 40. Nd5 Rxa7
41. Rxa7 Qxa7 42. Qxe4 Qa1+ 43. Kf2 Qb2+ 44. Kg1 Qc1+ 45. Kh2 Qd2+ 46. Qg2 Qc1
47. Qf1 Qd2+ 48. Kg1 f5 49. Kh1 e4 50. Qf4 Bf3+ 0-1

[Event "Aarhusmesterskabet"]
[Site "Aarhus"]
[Date "2020.02.14"]
[Round "2.1"]
[White "Danielsen, Henrik"]
[Black "Andersen, Lars Rene"]
[Result "1-0"]
[WhiteElo "2511"]
[BlackElo "2103"]
[PlyCount "166"]
[EventDate "2020.02.??"]
[EventType "swiss"]
[EventRounds "7"]
[EventCountry "DEN"]

1. Nf3 d5 2. d4 c6 3. g3 Nf6 4. Bg2 Bf5 5. O-O h6 6. Nbd2 e6 7. c4 Nbd7 8. b3
Be7 9. Bb2 O-O 10. e3 Re8 11. Qe2 Bh7 12. Rfc1 a5 13. a3 Bf8 14. Bc3 Qb6 15. c5
Qc7 16. b4 axb4 17. axb4 Reb8 18. Bf1 b5 19. Qe1 Qc8 20. Nb3 Rxa1 21. Rxa1 Ra8
22. Rxa8 Qxa8 23. Qa1 Qb7 24. Na5 Qa6 25. Ne1 Be7 26. f3 Bd8 27. Nd3 Bc7 28.
Nb3 Qxa1 29. Bxa1 Nb8 30. Bc3 Nfd7 31. Kf2 Kf8 32. h4 Ke8 33. h5 Bf5 34. g4 Bh7
35. Be2 Ke7 36. Nd2 Nf6 37. Bf1 Nfd7 38. e4 Nf6 39. e5 Ng8 40. f4 Ke8 41. Ke3
Ne7 42. Nf3 Bd8 43. Nf2 Nd7 44. Bd3 Bxd3 45. Kxd3 Kf8 46. Bd2 Kg8 47. Nd1 Kf8
48. Ne3 Ng8 49. f5 Ne7 50. Be1 Ng8 51. Bg3 Ke8 52. Bf4 Nf8 53. Ke2 Nh7 54. Kf2
Kd7 55. Kg3 Ke8 56. Ng2 Kd7 57. Bd2 Ke8 58. Nf4 Kd7 59. Nh3 Be7 60. Kf4 Bd8 61.
Be1 Be7 62. Bh4 Bxh4 63. Nxh4 Ke7 64. Ke3 Kd7 65. Nf4 Ng5 66. Nd3 Kc7 67. Nf3
Nxf3 68. Kxf3 Kd7 69. f6 gxf6 70. exf6 Nxf6 71. Ne5+ Ke8 72. Nxc6 Ne4 73. Na7
f6 74. Nxb5 Kd7 75. Na3 e5 76. Ke3 Ng5 77. b5 Ne6 78. Nc2 Kc7 79. Nb4 exd4+ 80.
Kd3 Nxc5+ 81. Kxd4 Nd7 82. Nxd5+ Kd6 83. Ne3 Ke6 1-0

[Event "Aarhusmesterskabet"]
[Site "Aarhus"]
[Date "2020.02.14"]
[Round "2.2"]
[White "Hansen, Morten Lyck"]
[Black "Ochsner, Bjorn Moller"]
[Result "0-1"]
[WhiteElo "1984"]
[BlackElo "2472"]
[PlyCount "60"]
[EventDate "2020.02.??"]
[EventType "swiss"]
[EventRounds "7"]
[EventCountry "DEN"]

1. e4 c5 2. Nf3 d6 3. Bb5+ Bd7 4. Bxd7+ Nxd7 5. c4 Ne5 6. Nxe5 dxe5 7. Nc3 e6
8. O-O Bd6 9. d3 Ne7 10. f4 exf4 11. Bxf4 Bxf4 12. Rxf4 O-O 13. Qe2 Ng6 14.
Rff1 Qd4+ 15. Kh1 Rad8 16. Rad1 a6 17. Qd2 Ne5 18. Qc2 Nxd3 19. a3 Qxc4 20. b3
Qd4 21. Rf3 Nf2+ 22. Rxf2 Qxc3 23. Qb1 Rxd1+ 24. Qxd1 Qd4 25. Rd2 Qxe4 26. Rd8
g6 27. h3 Rxd8 28. Qxd8+ Kg7 29. Qc7 Qd5 30. Qg3 e5 0-1

[Event "Aarhusmesterskabet"]
[Site "Aarhus"]
[Date "2020.02.14"]
[Round "2.3"]
[White "Fries Nielsen, Jens Ove"]
[Black "Thybo, Thomas Sondergaard"]
[Result "1-0"]
[WhiteElo "2373"]
[BlackElo "2075"]
[PlyCount "59"]
[EventDate "2020.02.??"]
[EventType "swiss"]
[EventRounds "7"]
[EventCountry "DEN"]

1. d4 Nf6 2. Nc3 d6 3. e4 e5 4. Nf3 exd4 5. Nxd4 Be7 6. Be2 Nc6 7. Be3 O-O 8.
g4 Re8 9. g5 Nd7 10. Rg1 Nf8 11. Nd5 Be6 12. Nf6+ gxf6 13. gxf6+ Ng6 14. fxe7
Qxe7 15. Qd2 Bd7 16. Nb5 Rac8 17. Nc3 f5 18. exf5 Bxf5 19. O-O-O Qf7 20. h4 Kh8
21. h5 Nge5 22. f4 Nd7 23. Nd5 Re4 24. Qc3+ Nf6 25. Bf3 Rf8 26. Rg5 Rxe3 27.
Nxe3 Bd7 28. Rdg1 h6 29. Rg6 Kh7 30. Nd5 1-0

[Event "Aarhusmesterskabet"]
[Site "Aarhus"]
[Date "2020.02.14"]
[Round "2.4"]
[White "Oehlerich, Per"]
[Black "Dumas, Charles"]
[Result "1-0"]
[WhiteElo "1935"]
[BlackElo "2289"]
[PlyCount "53"]
[EventDate "2020.02.??"]
[EventType "swiss"]
[EventRounds "7"]
[EventCountry "DEN"]

1. e4 c5 2. c3 d5 3. exd5 Qxd5 4. Nf3 Nc6 5. Qb3 Qxb3 6. axb3 Nf6 7. Na3 Bf5 8.
Nb5 Rc8 9. Nxa7 Ra8 10. Bb5 Bd7 11. Bxc6 bxc6 12. Ra3 e6 13. Ne5 Be7 14. Naxc6
Rxa3 15. bxa3 Bd6 16. Nxd7 Kxd7 17. Na5 Ne4 18. Nc4 Bf4 19. g3 Bg5 20. f3 Nd6
21. Nxd6 Kxd6 22. Ke2 Kd5 23. c4+ Kd6 24. Kd3 Rb8 25. Kc2 f5 26. Bb2 g6 27. f4
1-0

[Event "Aarhusmesterskabet"]
[Site "Aarhus"]
[Date "2020.02.14"]
[Round "2.5"]
[White "Nielsen, Viktor Haarmark"]
[Black "Rasmussen, Lars Garne"]
[Result "1-0"]
[WhiteElo "2300"]
[BlackElo "1991"]
[PlyCount "81"]
[EventDate "2020.02.??"]
[EventType "swiss"]
[EventRounds "7"]
[EventCountry "DEN"]

1. e4 e5 2. Nf3 Nc6 3. Bb5 a6 4. Ba4 Nf6 5. O-O Nxe4 6. d4 b5 7. Bb3 d5 8. dxe5
Be6 9. c3 Bc5 10. Nbd2 O-O 11. Bc2 Nxf2 12. Rxf2 f6 13. Nf1 Bxf2+ 14. Kxf2 fxe5
15. Kg1 Bg4 16. Ne3 Bxf3 17. gxf3 Qg5+ 18. Ng4 Qd8 19. Qd3 g6 20. Bb3 Ne7 21.
Bg5 c6 22. Re1 Qd6 23. Nxe5 Rae8 24. Ng4 Nf5 25. Rxe8 Rxe8 26. Nf6+ Kf7 27.
Nxe8 Kxe8 28. Qe2+ Kf7 29. Bc2 d4 30. Bxf5 gxf5 31. cxd4 Qxd4+ 32. Be3 Qh4 33.
Qd2 Ke6 34. Bf4 Qh5 35. Qd6+ Kf7 36. Qd7+ Kf6 37. Qd8+ Kf7 38. Qd7+ Kf6 39.
Qxc6+ Kf7 40. Qc7+ Kf6 41. Be5+ 1-0

[Event "Aarhusmesterskabet"]
[Site "Aarhus"]
[Date "2020.02.14"]
[Round "2.6"]
[White "Nielsen, Marianne Izaura"]
[Black "Hansen, Lars"]
[Result "0-1"]
[WhiteElo "1903"]
[BlackElo "2237"]
[PlyCount "78"]
[EventDate "2020.02.??"]
[EventType "swiss"]
[EventRounds "7"]
[EventCountry "DEN"]

1. e4 e6 2. d4 d5 3. Nc3 Nf6 4. e5 Nfd7 5. Nf3 c5 6. Bb5 Nc6 7. Bxc6 bxc6 8.
O-O cxd4 9. Qxd4 Ba6 10. Re1 Qb6 11. Qg4 Rg8 12. Ng5 Qb4 13. Qf3 Qe7 14. Nxh7
f6 15. exf6 gxf6 16. Nxf8 Nxf8 17. Ne2 O-O-O 18. Nd4 Bb7 19. a4 c5 20. Nf5 Qh7
21. Ng3 Qg6 22. Qc3 c4 23. b3 e5 24. bxc4 d4 25. Qb4 Ne6 26. Rb1 Rd7 27. c5 Rc7
28. Qc4 Nf4 29. Bxf4 exf4 30. Qe6+ Kd8 31. Qd6+ Kc8 32. Qxf4 Qxc2 33. Qd6 Qxc5
34. Qe6+ Kb8 35. Qxg8+ Rc8 36. Qf7 Rc7 37. Qxf6 Qd5 38. Ne4 Rf7 39. Qh8+ Kc7
0-1

[Event "Aarhusmesterskabet"]
[Site "Aarhus"]
[Date "2020.02.14"]
[Round "2.7"]
[White "Hoiberg, Nina"]
[Black "Marthedal, Anton Mehmet Yildiz"]
[Result "1-0"]
[WhiteElo "2168"]
[BlackElo "1920"]
[PlyCount "57"]
[EventDate "2020.02.??"]
[EventType "swiss"]
[EventRounds "7"]
[EventCountry "DEN"]

1. e4 c6 2. d4 d5 3. exd5 cxd5 4. c4 Nf6 5. Nc3 Nc6 6. Nf3 dxc4 7. Bxc4 e6 8.
O-O Be7 9. Bf4 O-O 10. Re1 Nb4 11. h3 Nbd5 12. Bh2 a6 13. Rc1 b5 14. Bb3 Bb7
15. Bc2 Rc8 16. Bb1 Nxc3 17. Rxc3 Bb4 18. Rxc8 Qxc8 19. Re3 Rd8 20. Be5 Nd5 21.
Bxh7+ Kf8 22. Rb3 Be7 23. Be4 Qd7 24. Bxg7+ Kxg7 25. Ne5 Qc7 26. Rg3+ Kf8 27.
Qh5 Qc1+ 28. Kh2 Qf4 29. Qh8# 1-0

[Event "Aarhusmesterskabet"]
[Site "Aarhus"]
[Date "2020.02.14"]
[Round "2.8"]
[White "Hardlei, Johan"]
[Black "Iversen, Flemming Pagh"]
[Result "1-0"]
[WhiteElo "2128"]
[BlackElo "1806"]
[PlyCount "91"]
[EventDate "2020.02.??"]
[EventType "swiss"]
[EventRounds "7"]
[EventCountry "DEN"]

1. d4 g6 2. Nf3 Bg7 3. e3 d6 4. Be2 Nf6 5. O-O O-O 6. b3 Nbd7 7. Bb2 c6 8. c4
Re8 9. Nc3 e5 10. Qc2 e4 11. Nd2 d5 12. cxd5 cxd5 13. Nb5 Rf8 14. Ba3 a6 15.
Bxf8 Nxf8 16. Nc3 Bg4 17. f3 exf3 18. Bxf3 Bf5 19. Qb2 Ne6 20. Rac1 Ng5 21.
Rfe1 Nge4 22. Bxe4 dxe4 23. Ne2 Qd6 24. Ng3 Ng4 25. Ndf1 Qd7 26. Nxf5 Qxf5 27.
Ng3 Qe6 28. Qc2 Nf6 29. Qc7 Nd5 30. Qxb7 Re8 31. h3 h5 32. Rc6 Qe7 33. Qxe7
Rxe7 34. Rxa6 Bh6 35. Nf1 Rc7 36. Ra5 Nb4 37. Rc5 Ra7 38. a4 Kg7 39. Re2 Nd3
40. Rb5 Rc7 41. a5 h4 42. a6 Nc1 43. Re1 Rc2 44. a7 Nd3 45. a8=Q Nxe1 46. Qxe4
1-0

[Event "Aarhusmesterskabet"]
[Site "Aarhus"]
[Date "2020.02.14"]
[Round "3.1"]
[White "Hoiberg, Nina"]
[Black "Danielsen, Henrik"]
[Result "0-1"]
[WhiteElo "2168"]
[BlackElo "2511"]
[PlyCount "83"]
[EventDate "2020.02.??"]
[EventType "swiss"]
[EventRounds "7"]
[EventCountry "DEN"]

1. e4 d6 2. d4 Nf6 3. Nc3 e5 4. Nf3 Nbd7 5. Bc4 Be7 6. O-O O-O 7. h3 a6 8. a4
b6 9. Be3 Bb7 10. d5 Re8 11. Qd2 Nf8 12. b4 Ng6 13. b5 a5 14. Be2 Bc8 15. Nh2
h6 16. Rae1 Nh7 17. Bg4 Bg5 18. Bxc8 Rxc8 19. Ne2 Bxe3 20. Qxe3 Qg5 21. Ng3 Nf4
22. Nf3 Qf6 23. Nh2 h5 24. Ne2 Re7 25. Nxf4 exf4 26. Qf3 g6 27. g3 Ng5 28. Qd3
Nxh3+ 29. Kg2 Ng5 30. g4 Rce8 31. f3 Kg7 32. Kf2 Nh3+ 33. Ke2 Qh4 34. Kd2 Ng5
35. Re2 hxg4 36. Nxg4 Nxe4+ 37. Rxe4 Rxe4 38. fxe4 Qxg4 39. Qc3+ Kg8 40. Kc1
Qg5 41. Rh1 Qe5 42. Qxc7 0-1

[Event "Aarhusmesterskabet"]
[Site "Aarhus"]
[Date "2020.02.14"]
[Round "3.2"]
[White "Ochsner, Bjorn Moller"]
[Black "Hardlei, Johan"]
[Result "1-0"]
[WhiteElo "2472"]
[BlackElo "2128"]
[PlyCount "91"]
[EventDate "2020.02.??"]
[EventType "swiss"]
[EventRounds "7"]
[EventCountry "DEN"]

1. e4 c5 2. Nf3 d6 3. Bb5+ Nd7 4. O-O a6 5. Bd3 g6 6. c3 Bg7 7. Bc2 Ngf6 8. d4
O-O 9. Qe2 Qc7 10. Re1 e5 11. d5 b5 12. b3 Nb6 13. a4 bxa4 14. bxa4 a5 15. Na3
Ba6 16. c4 Qd7 17. Nb5 Nh5 18. g3 Bxb5 19. axb5 Qg4 20. Nd2 Qxe2 21. Rxe2 f5
22. Bd3 Bh6 23. Kg2 Bxd2 24. Bxd2 fxe4 25. Rxe4 a4 26. Ra3 Rf7 27. Re1 Raf8 28.
Be3 Ng7 29. g4 e4 30. Be2 h5 31. h3 hxg4 32. hxg4 Re7 33. Rea1 Ra7 34. Rh1 Ne8
35. Kg3 Rff7 36. Bf4 Rh7 37. Rha1 Rhg7 38. Kg2 g5 39. Bg3 Rgd7 40. Re3 Nf6 41.
Raa3 Rd8 42. f3 Re7 43. f4 gxf4 44. Bxf4 Nfxd5 45. cxd5 Nxd5 46. Bc4 1-0

[Event "Aarhusmesterskabet"]
[Site "Aarhus"]
[Date "2020.02.14"]
[Round "3.4"]
[White "Fogh, Jens Olaf Svanholm"]
[Black "Nielsen, Viktor Haarmark"]
[Result "1/2-1/2"]
[WhiteElo "2112"]
[BlackElo "2300"]
[PlyCount "85"]
[EventDate "2020.02.??"]
[EventType "swiss"]
[EventRounds "7"]
[EventCountry "DEN"]

1. d4 d5 2. Nf3 Nf6 3. e3 Bf5 4. c4 c6 5. Be2 h6 6. O-O e6 7. Nc3 Nbd7 8. Nd2
Bd6 9. Re1 O-O 10. Bf3 Qc7 11. h3 Rad8 12. e4 dxe4 13. Ndxe4 Nxe4 14. Nxe4 Bb4
15. Nc3 Nb6 16. Qb3 Be7 17. Be3 Bd3 18. Be2 Bxe2 19. Rxe2 Nd7 20. Rd1 Nf6 21.
Red2 Rd7 22. d5 exd5 23. cxd5 Nxd5 24. Nxd5 cxd5 25. Bxa7 Bg5 26. Rxd5 Rxd5 27.
Rxd5 Re8 28. Be3 Bxe3 29. fxe3 Qc1+ 30. Rd1 Qxe3+ 31. Qxe3 Rxe3 32. Rd7 b5 33.
Rd5 b4 34. Kf2 Re6 35. Rb5 Ra6 36. Rxb4 Rxa2 37. Kf3 g6 38. g4 Kg7 39. h4 Ra1
40. Rb6 Rh1 41. Kg3 Rg1+ 42. Kf3 Rh1 43. Kg3 1/2-1/2

[Event "Aarhusmesterskabet"]
[Site "Aarhus"]
[Date "2020.02.14"]
[Round "3.5"]
[White "Hansen, Lars"]
[Black "Rossen, Claus"]
[Result "1/2-1/2"]
[WhiteElo "2237"]
[BlackElo "2108"]
[PlyCount "68"]
[EventDate "2020.02.??"]
[EventType "swiss"]
[EventRounds "7"]
[EventCountry "DEN"]

1. e4 c5 2. Nc3 Nc6 3. f4 e6 4. Nf3 d5 5. Bb5 dxe4 6. Ne5 Bd7 7. Bxc6 Bxc6 8.
Nxc6 bxc6 9. Nxe4 Qd5 10. Qe2 Be7 11. d3 Nf6 12. O-O O-O 13. Kh1 Rab8 14. c4
Qd4 15. Rb1 Rfd8 16. Nf2 Qd7 17. Be3 Qc7 18. g4 h6 19. g5 hxg5 20. fxg5 Ne8 21.
Ne4 f5 22. gxf6 Nxf6 23. Bf4 e5 24. Bg3 Rb7 25. Qg2 Rxd3 26. Rf5 Qd7 27. Rbf1
Rd1 28. Rxd1 Qxd1+ 29. Rf1 Qg4 30. Nf2 Qe6 31. b3 Rd7 32. Ne4 Nxe4 33. Qxe4 Rd2
34. Bxe5 Qh3 1/2-1/2

[Event "Aarhusmesterskabet"]
[Site "Aarhus"]
[Date "2020.02.14"]
[Round "3.7"]
[White "Dumas, Charles"]
[Black "Stanislaus, Johann"]
[Result "1-0"]
[WhiteElo "2289"]
[BlackElo "1833"]
[PlyCount "75"]
[EventDate "2020.02.??"]
[EventType "swiss"]
[EventRounds "7"]
[EventCountry "DEN"]

1. e4 c5 2. c3 e6 3. d4 d5 4. exd5 Qxd5 5. Nf3 Nf6 6. Be3 Nc6 7. dxc5 Qxd1+ 8.
Kxd1 Be7 9. Nbd2 O-O 10. Nc4 Nd7 11. b4 Bf6 12. Nd4 Rd8 13. Nxc6 bxc6 14. Kc2
Ne5 15. Nxe5 Bxe5 16. Be2 a5 17. a3 Ba6 18. Bxa6 Rxa6 19. Rhd1 Rda8 20. Bd4
Bxd4 21. Rxd4 g6 22. Kb3 e5 23. Rd7 axb4 24. cxb4 Kg7 25. a4 Re8 26. Re1 Rea8
27. a5 Re8 28. Rc7 Kf6 29. Re3 e4 30. f3 Rb8 31. Kc4 Rd8 32. Rxe4 Rd1 33. Rf4+
Kg5 34. Rcxf7 h5 35. h4+ Kh6 36. g4 Rc1+ 37. Kb3 hxg4 38. fxg4 1-0

[Event "Aarhusmesterskabet"]
[Site "Aarhus"]
[Date "2020.02.14"]
[Round "3.8"]
[White "Andersen, Lars Rene"]
[Black "Jaques, Hannibal Valeur"]
[Result "1-0"]
[WhiteElo "2103"]
[BlackElo "1794"]
[PlyCount "85"]
[EventDate "2020.02.??"]
[EventType "swiss"]
[EventRounds "7"]
[EventCountry "DEN"]

1. e4 e5 2. Nf3 Nc6 3. Bb5 a6 4. Ba4 Be7 5. O-O d6 6. c3 Nf6 7. Re1 O-O 8. h3
Bd7 9. d4 Re8 10. Nbd2 b5 11. Bb3 h6 12. d5 Nb8 13. a4 c6 14. axb5 cxb5 15. Nf1
a5 16. Bc2 Na6 17. Be3 Qc7 18. Ng3 Nc5 19. Nd2 Reb8 20. Nb3 Nxb3 21. Bxb3 a4
22. Bc2 Qb7 23. Ne2 Bd8 24. Nc1 Bb6 25. Na2 Bxe3 26. Rxe3 Ne8 27. Nb4 Nc7 28.
Qd2 Na6 29. Rg3 Kh7 30. f4 Nxb4 31. cxb4 Qb6+ 32. Kh1 f6 33. Raa3 Qd4 34. Qxd4
exd4 35. e5+ f5 36. e6 Be8 37. Bxf5+ g6 38. Be4 Rc8 39. f5 gxf5 40. Bxf5+ Kh8
41. Rg4 Rc4 42. Rag3 Bh5 43. Rh4 1-0

[Event "Aarhusmesterskabet"]
[Site "Aarhus"]
[Date "2020.02.15"]
[Round "4.1"]
[White "Danielsen, Henrik"]
[Black "Ochsner, Bjorn Moller"]
[Result "1/2-1/2"]
[WhiteElo "2511"]
[BlackElo "2472"]
[PlyCount "85"]
[EventDate "2020.02.??"]
[EventType "swiss"]
[EventRounds "7"]
[EventCountry "DEN"]

1. d4 Nf6 2. Nf3 d5 3. c4 e6 4. e3 a6 5. Nbd2 c5 6. dxc5 Bxc5 7. a3 dxc4 8.
Bxc4 O-O 9. b4 Be7 10. Bb2 b5 11. Be2 Bb7 12. O-O Nbd7 13. Rc1 Rc8 14. Rxc8
Qxc8 15. Qa1 Qa8 16. Rc1 Rc8 17. h3 Bd5 18. Bd3 Nb6 19. Rxc8+ Qxc8 20. e4 Bb7
21. Bd4 Nc4 22. Qc3 Nxd2 23. Qxc8+ Bxc8 24. Nxd2 Nd7 25. f4 e5 26. fxe5 Bg5 27.
Nb3 Bf4 28. e6 fxe6 29. Kf2 Bb7 30. g3 Bd6 31. Nd2 Ne5 32. Be2 Kf7 33. Nf3 Nxf3
34. Bxf3 e5 35. Bb6 Bc8 36. h4 Be6 37. Ke3 Ke7 38. Kd2 Kd7 39. Kc3 Kc6 40. Bd8
Kd7 41. Bb6 Kc6 42. Bd8 Kd7 43. Bb6 1/2-1/2

[Event "Aarhusmesterskabet"]
[Site "Aarhus"]
[Date "2020.02.15"]
[Round "4.2"]
[White "Fries Nielsen, Jens Ove"]
[Black "Fogh, Jens Olaf Svanholm"]
[Result "1-0"]
[WhiteElo "2373"]
[BlackElo "2112"]
[PlyCount "109"]
[EventDate "2020.02.??"]
[EventType "swiss"]
[EventRounds "7"]
[EventCountry "DEN"]

1. d4 d5 2. Nc3 Nf6 3. Bf4 e6 4. e3 c6 5. Bd3 Bd6 6. Bxd6 Qxd6 7. f4 c5 8. Nf3
c4 9. Be2 Qb4 10. Qc1 Ne4 11. a3 Qa5 12. Ng5 Nxc3 13. Qd2 Nd7 14. Bf3 Nb6 15.
Qxc3 Qxc3+ 16. bxc3 f6 17. Nh3 f5 18. g4 e5 19. Rg1 e4 20. Be2 Na4 21. Kd2 b5
22. gxf5 Bxf5 23. Nf2 O-O 24. h4 h6 25. Rab1 Rab8 26. Ng4 Bxg4 27. Bxg4 Rf6 28.
Bd7 a6 29. f5 Nb6 30. Be6+ Kh8 31. Rg6 Rbf8 32. h5 Rxg6 33. hxg6 Nc8 34. a4 Nd6
35. axb5 Nxb5 36. Bxd5 Rxf5 37. Bxe4 Rf2+ 38. Ke1 Rf8 39. Bc6 Rf6 40. Bxb5 axb5
41. Rxb5 Rxg6 42. e4 Rg2 43. d5 Kg8 44. e5 Kf8 45. e6 Rg5 46. Ke2 Ke7 47. Rb7+
Kf6 48. Rf7+ Kg6 49. Rd7 Kf6 50. Ke3 h5 51. Kd4 h4 52. Rf7+ Kg6 53. Rf4 Rh5 54.
e7 Rh8 55. Rf8 1-0

[Event "Aarhusmesterskabet"]
[Site "Aarhus"]
[Date "2020.02.15"]
[Round "4.3"]
[White "Nielsen, Viktor Haarmark"]
[Black "Hansen, Lars"]
[Result "1/2-1/2"]
[WhiteElo "2300"]
[BlackElo "2237"]
[PlyCount "54"]
[EventDate "2020.02.??"]
[EventType "swiss"]
[EventRounds "7"]
[EventCountry "DEN"]

1. e4 e6 2. d4 d5 3. Nc3 Nf6 4. e5 Nfd7 5. f4 c5 6. Nf3 Nc6 7. Be3 cxd4 8. Nxd4
Bc5 9. Qd2 O-O 10. O-O-O a6 11. Qf2 Bxd4 12. Bxd4 b5 13. Be3 Bb7 14. Bd3 Nb4
15. a3 Nxd3+ 16. Rxd3 Rc8 17. Bd4 Qe7 18. Kb1 Nc5 19. Bxc5 Qxc5 20. Qxc5 Rxc5
21. Ne2 d4 22. Rg1 Be4 23. Rd2 Rd8 24. Nc3 Bd5 25. Ne2 Be4 26. Nc3 Bd5 27. Ne2
Be4 1/2-1/2

[Event "Aarhusmesterskabet"]
[Site "Aarhus"]
[Date "2020.02.15"]
[Round "4.4"]
[White "Rossen, Claus"]
[Black "Schmidt, Tommy B"]
[Result "0-1"]
[WhiteElo "2108"]
[BlackElo "2166"]
[PlyCount "48"]
[EventDate "2020.02.??"]
[EventType "swiss"]
[EventRounds "7"]
[EventCountry "DEN"]

1. e4 e6 2. d4 d5 3. Nc3 Nf6 4. Bg5 Be7 5. e5 Nfd7 6. h4 h6 7. Be3 O-O 8. Bxh6
gxh6 9. Qg4+ Kh8 10. Qh5 Kg7 11. Qg4+ Kh8 12. Qh5 Kg7 13. Rh3 Rh8 14. Rf3 Qe8
15. Qg4+ Kf8 16. Bd3 Nc6 17. Rf4 Ndxe5 18. dxe5 Nxe5 19. Qe2 Bd6 20. Rd4 c5 21.
Bb5 Qe7 22. Ra4 a6 23. Nf3 Qf6 24. O-O-O Rb8 0-1

[Event "Aarhusmesterskabet"]
[Site "Aarhus"]
[Date "2020.02.15"]
[Round "4.5"]
[White "Hansen, Morten Lyck"]
[Black "Dumas, Charles"]
[Result "0-1"]
[WhiteElo "1984"]
[BlackElo "2289"]
[PlyCount "78"]
[EventDate "2020.02.??"]
[EventType "swiss"]
[EventRounds "7"]
[EventCountry "DEN"]

1. e4 c5 2. Nf3 Nc6 3. d4 cxd4 4. Nxd4 Nf6 5. Nc3 d6 6. Bc4 e6 7. Bb3 Be7 8.
O-O O-O 9. Kh1 Bd7 10. f4 Nxd4 11. Qxd4 Bc6 12. f5 e5 13. Qd3 Rc8 14. Bg5 Qc7
15. Rad1 Ne8 16. Be3 a6 17. a4 Nf6 18. Bg5 Ne8 19. Be3 Qd8 20. Nd5 Bxd5 21.
Bxd5 Qd7 22. a5 Nf6 23. c4 Nxd5 24. cxd5 f6 25. Rc1 Qa4 26. Bb6 Kf7 27. Rfe1
Qb4 28. b3 Bd8 29. Bxd8 Rfxd8 30. Ra1 Rc3 31. Qe2 Rdc8 32. Qh5+ Kg8 33. g4 h6
34. Qh4 Rc2 35. Qg3 R8c3 36. Re3 Qxb3 37. Rxc3 Rxc3 38. Qg2 Rc2 39. Qf1 Qe3 0-1